00626cam a2200205 4500001000800000005001700008008004100025010001700066040001800083041000800101080001600109082001600125100000700141101000800148245007500156906004500231942001200276999001700288952011500305220746920180302053625.0700805s1970 nyua 001 0 eng  a 74087891  aDLCcDLCdDLC aeng a574.192 BAU00a574.192 BAU1 a12 aKIM10aIntroduction to organic and biological chemistryc[by] Stuart J. Baum. a7bcbccorignewd2encipf19gy-gencatlg 2ddccBK c44004d44004 00102udc40708PËKGa002b002cPËKGd2018-03-02l0o574.192 BAUp002-3000469r2018-03-02w2018-03-02yBK